000 01023cam a2200265 a 4500
003 EG-GiCUC
005 20250223030342.0
008 110126s1996 ua d f m 000 0 eng d
040 _aEG-GiCUC
_beng
_cEG-GiCUC
041 0 _aeng
049 _aDeposite
097 _aM.Sc
099 _aCai01.13.07.M.Sc.1996.He.N
100 0 _aHesham Mahmoud Elgamal
245 1 0 _aNew channel assignment algorithms for fixed wireless communication systems /
_cHesham Mahmoud Elgamal ; Suervised Hazim Tawfik
246 1 5 _aخوارزميات جديدة لتخيص القنوات فى نظم الاتصالات اللاسلكية الثابتة
260 _aCairo :
_bHesham Mahmoud Elgamal ,
_c1996
300 _a50P. :
_bcharts ;
_c25cm
502 _aThesis (M.Sc.) - Cairo University - Faculty of Engineering - Department of Electrical Power and Machines
700 0 _aHazim Tawfik ,
_eSupervisor
856 _uhttp://172.23.153.220/th.pdf
905 _aFatma
_eCataloger
905 _aNazla
_eRevisor
942 _2ddc
_cTH
999 _c32898
_d32898